Statistics for First 200 Words of Harry Potter and the Deathly Hallows

Click here to take the quiz!

General Stats

  • This quiz has been taken 2,374 times
  • The average score is 88 of 200

Answer Stats

% Correct
a
97%
The
96%
"The
96%
the
96%
I
95%
he
87%
be
78%
in
76%
In
76%
and
75%
and...
75%
was
74%
on
73%
of
72%
They
69%
they
69%
"It
67%
You
60%
not
60%
said
60%
as
59%
For
59%
his
59%
Snape
56%
their
56%
Snape.
56%
two.
55%
two
55%
at
54%
out
52%
will
51%
men
51%
that
51%
then,
48%
Severus
47%
but
46%
But
46%
them
46%
them,
46%
did
45%
other,
42%
"Thought
41%
your
40%
with
40%
by
40%
second
38%
right,
37%
appeared
37%
right
37%
wands
36%
each
36%
left
36%
taller
35%
long
35%
nowhere,
34%
asked
34%
way.
33%
Yaxley,
33%
into
32%
stood
32%
"News?"
32%
late,"
32%
best,"
32%
good?"
31%
than
31%
off
31%
might
31%
replied
28%
cloaks
27%
same
27%
still,
26%
arms
25%
turned
25%
around
25%
low-
25%
walking
25%
other's
24%
both
24%
hedge.
23%
little
23%
raised
23%
hedge
23%
lane.
23%
lane
23%
direction.
22%
few
22%
hope
22%
started
22%
gates
22%
sound
22%
step:
21%
high,
20%
nodded,
20%
kind
20%
quite
20%
silence
20%
high
20%
chests;
19%
iron
19%
stowed
19%
apart
19%
trees
19%
beneath
18%
yards
18%
satisfied.
18%
expected.
18%
recognizing
18%
salute
18%
sight
18%
narrow,
18%
moonlight.
18%
moonlit
17%
ankles
17%
confident
16%
driveway
16%
wrought-
16%
directed
16%
men's
15%
pair
15%
elaborate.
15%
briskly
15%
reception
15%
Neither
15%
bordered
15%
marched.
15%
wild,
14%
flapped
14%
manicured
14%
growing
14%
wide
14%
distance
14%
trickier
14%
features
14%
brambles,
14%
broke
14%
branches
14%
curved
13%
blunt
13%
neatly
13%
sliding
12%
led
12%
overhanging
12%
running
12%
beyond
11%
barring
11%
impressive
10%

Score Distribution

Percentile by Number Answered

Percent of People with Each Score

Your Score History

You have not taken this quiz